000 00585naa a2200193 4500
001 153061
003 ES-MaBCM
005 20241016185645.0
008 071107s2007 fra|r0p 0 ||fre d
021 _axx
035 _a(OCoLC)1365205217
040 _cES-MaBCM
100 1 _aJacquemet, Anne
_981647
245 0 0 _aMonopole des jeux de hasard et ordre public
_cAnne Jacquemet
650 7 _aJuego de azar
_959117
651 4 _aFrancia
_9115364
773 0 _aEn:
_tAJDA. L'actualité juridique. Droit administratif
_dParis
_w104215
_gNÂș 24 (juil. 2007), p. 1282-1288
942 _cAREV
999 _c153061
_d153061